书目信息 |
| 题名: |
盲文阅读效率研究
|
|
| 作者: | 孙宇 , 李纯莲 著 | |
| 分册: | ||
| 出版信息: | 北京 中国社会科学出版社 2018.08 |
|
| 页数: | 362页 | |
| 开本: | 24cm | |
| 丛书名: | ||
| 单 册: | ||
| 中图分类: | H126.2 | |
| 科图分类: | ||
| 主题词: | 汉字--han zi--盲文--读书方法--研究 | |
| 电子资源: | ||
| ISBN: | 978-7-5203-2725-1 | |
| 000 | 00944nam0 2200253 450 | |
| 001 | 0109110116 | |
| 005 | 20201109110335.0 | |
| 010 | @a978-7-5203-2725-1@dCNY99.00 | |
| 100 | @a20181114d2018 em y0chiy50 ea | |
| 101 | 0 | @achi |
| 102 | @aCN@b110000 | |
| 105 | @ak z 000yy | |
| 106 | @ar | |
| 200 | 1 | @a盲文阅读效率研究@Amang wen yue du xiao lv yan jiu@f孙宇, 李纯莲著 |
| 210 | @a北京@c中国社会科学出版社@d2018.08 | |
| 215 | @a362页@d24cm | |
| 300 | @a国家社科基金一般项目 | |
| 330 | @a本书吸收借鉴中西方阅读学理论,分析影响盲文阅读效率的主客观因素,系统分析盲文阅读效率与拼读速度、理解率的关系,以及出现拼读错误的客观性,给出盲文容错率的概念。分析影响盲文拼读容错率的若干因素,进而从阅读者角度提出提高阅读效率的策略。 | |
| 606 | 0 | @a汉字@Ahan zi@x盲文@x读书方法@x研究 |
| 690 | @aH126.2@v5 | |
| 701 | 0 | @a孙宇@Asun yu@4著 |
| 701 | 0 | @a李纯莲@Ali chun lian@4著 |
| 801 | 0 | @aCN@bBJSZM@c20201103 |
| 905 | @b1267121-4@dH126.2@e71@f4 | |
| 盲文阅读效率研究/孙宇, 李纯莲著.-北京:中国社会科学出版社,2018.08 |
| 362页;24cm |
| 国家社科基金一般项目 |
| ISBN 978-7-5203-2725-1:CNY99.00 |
| 本书吸收借鉴中西方阅读学理论,分析影响盲文阅读效率的主客观因素,系统分析盲文阅读效率与拼读速度、理解率的关系,以及出现拼读错误的客观性,给出盲文容错率的概念。分析影响盲文拼读容错率的若干因素,进而从阅读者角度提出提高阅读效率的策略。 |
| ● |
| 相关链接 |
|
|
|
|
正题名:盲文阅读效率研究
索取号:H126.2/71
 
预约/预借
| 序号 | 登录号 | 条形码 | 馆藏地/架位号 | 状态 | 备注 |
| 1 | 1267121 | 212671214 | 第二样本阅览室/ [索取号:H126.2/71] | 在馆 | |
| 2 | 1267122 | 212671223 | 教育系资料室/ [索取号:H126.2/71] | 在馆 | |
| 3 | 1267123 | 212671232 | 教育系资料室/ [索取号:H126.2/71] | 在馆 | |
| 4 | 1267124 | 212671241 | 第四借阅区/ [索取号:H126.2/71] | 在馆 |